00365nam a2200133 a 45000010010000000030011000100080041000210350026000620820016000881000024001042450033001282600052001616500018002130000-8800ELIB.Books110520 1990  a(ELIB.Books)0000-8946 a226.8 bMca aMcarthur, Harvey K. aThey also Taught in Parables bGrand Rapids: Zondervan Publishing House c1990 aNew Testament